000 006100000a22001690004500
003 MACL
005 20160131154219.0
008 160131b xxu||||| |||| 00| 0 eng d
040 _aMACL
_cMACL
041 _aHindi
082 _a900
100 _aपाण्‍डेय डॉ. आर. एन
_936388
245 _aप्राचीन विश्‍व की सभ्‍यताएं
_bप्रागितिहासिक काल से 600 ई.तक
260 _bप्रयाग पुस्‍तक भवन
_c2011
_aइलाहाबाद
350 _a265
942 _cHIN
_k900
_2ddc
999 _c45574
_d45574